Statistiques concernant Éléments chimiques #1: Hydrogène

Cliquez ici pour prendre le quiz!

Statistiques générales

  • Ce quiz a été pris 54 fois
  • Le résultat moyen est 12 sur 31

Statistiques - réponses

QuestionsRéponses% Correct
Symbole de l’élément:H
100%
Ion simple:H+
100%
Conductivité thermique:0,18 W/m/K
92%
Nombre de proton:1
92%
Masse molaire:1,01 g/mol
92%
Nom en anglais:Hydrogen
86%
Nombre d’isotopes stables:2
82%
Nombre d’isotopes:3
71%
Étymologie du nom:HydrosEau
71%
Abondance dans le corps humain:10%
45%
Capacité thermique:14,3 J/g/K
45%
D
45%
T
35%
Nom des isotope de l’hydrogène et leurs symboles:Deutérium
29%
Tritium
29%
Point d’ébullition:20,28 K | -252,9 °C | -423,2 °F
27%
Abondance dans l’Univers:92%
27%
Volume molaire:13,26 cm3/mole
24%
Électronégativité d’après Pauling:2,20
22%
Affinité électronique:72,8 kJ/mol
22%
Abondance dans le Système Solaire:91%
20%
Point de fusion:14,01 K | -259,1 °C | -434,5 °F
18%
Masse volumique:76 kg/m³
18%
Couché électronique:1s¹
12%
Énergie d’ionisation:1312 kJ/mol
8%
Type de charge:Cation
4%
Structure cristalline principale:Hexagonale
4%
Date de découverte:1766
2%
GenesGénérateur
2%
Découvreur:Henry Cavendish
2%
Il est également parfois appelé:Protium
2%

Distribution des résultats

Percentile par nombre de réponses

% des personnes avec chaque résultat

Votre développement - résultats

Vous n’avez pas pris ce quiz